College Quizbowl Stats
College Quizbowl Stats
Circuits
Seasons
Sets
Records
Detailed Stats
About
Loading...
2024 ESPN @ Chicago
Tossups
Bonuses
Players
Teams
Categories (Tossup)
Categories (Bonus)
Athena Kern
BHSU
Categories
Category
Powers
Gets
Negs
BBs
Points
Earliest Buzz
Avg. Buzz
First Buzzes
Top 3 Buzzes
Current Events
2
1
0
0
40
46
66.67
0
2
Social Science
1
0
0
0
15
74
74.00
0
1
Fine Arts - Other Fine Arts
0
1
0
0
10
101
101.00
0
1
Other Academic
0
1
0
0
10
102
102.00
0
1
Literature - Long Fiction
0
0
0
0
0
0.00
0
0
Buzzes
Category
Answer
Value
Buzz Position
Current Events
United States Postal Service
15
46
Current Events
sand
15
51
Social Science
US-Mexico borderlands
15
74
Fine Arts - Other Fine Arts
Chrysler
10
101
Other Academic
Alcoholics Anonymous
10
102
Current Events
Paris
10
103
Literature - Long Fiction
Celie
0
157
Previous
1
Next